En busca de los origenes ¿Evolución o creación?

Salvato in:
Dettagli Bibliografici
Autore principale: Flori, Jean
Altri autori: Rasolofomasoandro, Henri
Natura: Libro
Lingua:spagnolo
Pubblicazione: Madrid Safeliz 2000
Edizione:5ª ed.
Soggetti:
Tags: Aggiungi Tag
Nessun Tag, puoi essere il primo ad aggiungerne!!

MARC

LEADER 00000nam a22000005a 4500
003 CL-ChBUA
005 20120815091601.0
008 081128s2000 sp ||||| |||| 000 ||spa
040 |a CL-ChBUA  |c CL-ChBUA 
082 0 0 |a 215.74 
090 |c 25396  |d 25396 
100 1 |a Flori, Jean 
245 1 0 |a En busca de los origenes ¿Evolución o creación? 
250 |a 5ª ed. 
260 |a Madrid  |b Safeliz  |c 2000 
300 |a 342 p.  |c 26 cm. 
504 |a Il., índice 
650 4 |a CIENCIA Y RELIGION 
650 4 |a CREACION 
650 4 |a EVOLUCION 
700 1 |a Rasolofomasoandro, Henri 
942 |c LIB 
952 |0 0  |1 0  |2 ddc  |4 0  |6 215_740000000000000_F_635E  |7 0  |9 59902  |a UNACH  |b UNACH  |c 200  |d 2008-11-28  |i 44683  |l 30  |m 8  |o 215.74 / F 635e  |p 61037  |r 2025-07-21 12:31:25  |s 2019-08-14  |u 59902  |w 2012-08-08  |y LIB 
999 |c 25396  |d 25396